| 000 | 00334nam a2200145 i 4500 | ||
|---|---|---|---|
| 001 | bg | ||
| 100 | 1 | _aKANE, Thomas | |
| 245 | 0 |
_aDynamics / _cT. Kane. |
|
| 260 |
_aNowy Jork : _bHolt,Reinhart and Winston, INC, _c1968. |
||
| 040 | _cBPK | ||
| 041 | _apol | ||
| 080 | _a531 | ||
| 942 | _cKS | ||
| 008 | s pl f |000 0 pol | ||
| 999 |
_c8111 _d8111 |
||
| 856 |
_uhttp://koha.tu.koszalin.pl/cgi-bin/koha/opac-detail.pl?biblionumber=8111 _yKatalog online BPK |
||